| 000 | 00441nam a22001817a 4500 | ||
|---|---|---|---|
| 003 | CEME | ||
| 005 | 20210628205614.0 | ||
| 008 | 210308b xxu||||| |||| 00| 0 eng d | ||
| 020 | _a0-333-62022-4 | ||
| 040 | _c. | ||
| 082 | _a510.2462 STR'E | ||
| 100 |
_aStroud, K. A _939005 |
||
| 245 | _aEngineering mathematics programmes and problems | ||
| 250 | _a4TH | ||
| 260 |
_aLONDON _bMACMILLAN _c1995 |
||
| 300 | _a1032P | ||
| 942 |
_cBK _2ddc |
||
| 999 |
_c581627 _d581627 |
||